000 01809nam a2200409 i 4500
001 194993
003 SpMaBN
005 20260220183711.0
007 ta
008 240523s2022 sp a | ||||o000 0 spa
017 _aCC 206-2022
_bOficina Depósito Legal Cáceres
035 _aa7227109
040 _aSpMaBN
_bspa
_cSpMaBN
_erda
_dES-MaACL
080 _a908(460.251 Mata de Alcántara)
100 1 _aRamos Rubio, José Antonio,
_d1963-
_9174430
245 1 3 _aEl patrimonio histórico, artístico y etnográfico de Mata de Alcántara :
_bLa Mata en el tiempo /
_cJosé Antonio Ramos Rubio, Alberto Durán Sánchez.
264 1 _aCáceres :
_bDiputación de Cáceres,
_c2022
300 _a301 páginas :
_bilustraciones, mapas (blanco y negro y color),
_c23 cm
336 _aTexto
_aImagen fija
_2rdacontent
337 _asin mediación
_2rdamedia
338 _avolumen
_2rdacarrier
500 _aIncluye apéndice fotográfico
500 _aCatalogación provisional. Signatura: N 8666. Depósito J.
500 _aIncluye (páginas 257-272) Las piedras del amor / Florentino Escribano Ruiz
504 _aBibliografía: páginas 241-255
651 0 _aMata de Alcántara-
_xDescripción
_9236617
700 2 _aEscribano Ruiz, Florentino
_9240286
700 1 _aDurán Sánchez, Alberto
_9236619
852 _aES-MaACL
_bR.153626
_cDEPOJ
_jN-8666
_hDonación: José Antonio Ramos Rubio y Alberto Durán Sánchez
_9202657
_zEn proceso
903 _aRamos Rubio, José Antonio,
_d1963-
_ednr
_9174430
903 _9236619
_aDurán Sánchez, Alberto
_ednr
942 _n0
_cMONOGRAFIA
999 _c194993
_d194993